000 00340nam a2200133Ia 4500
008 240624s9999 xx 000 0 und d
041 _aeng
082 _a828 SHA
100 _aSHASTRI RAVI
245 _aSTARGAZING THE PLAYERS IN MY LIFE
260 _c2021
_aNoida
_bHARPERCOLLINS PUBLISHER
300 _aExch.299 p.; 28 cm.
365 _cRS
999 _c32522
_d32522